<?xml version="1.0" encoding="UTF-8"?>
<marc:record xmlns:marc="http://www.loc.gov/MARC21/slim">
   <marc:leader>00000nam a2200000 a 4500</marc:leader>
   <marc:datafield ind1="1" ind2=" " tag="100">
      <marc:subfield code="a">Yousafzai, Malala</marc:subfield>
      <marc:subfield code="4">aut</marc:subfield>
      <marc:subfield code="e">Verfasser/-in</marc:subfield>
   </marc:datafield>
   <marc:datafield ind1=" " ind2=" " tag="653">
      <marc:subfield code="a">Yousafzai</marc:subfield>
   </marc:datafield>
   <marc:datafield ind1=" " ind2=" " tag="653">
      <marc:subfield code="a">Malala</marc:subfield>
   </marc:datafield>
   <marc:datafield ind1=" " ind2=" " tag="653">
      <marc:subfield code="a">Autobiografie</marc:subfield>
   </marc:datafield>
   <marc:datafield ind1=" " ind2=" " tag="653">
      <marc:subfield code="a">Erlebnisbericht</marc:subfield>
   </marc:datafield>
   <marc:datafield ind1=" " ind2=" " tag="653">
      <marc:subfield code="a">Autobiographie</marc:subfield>
   </marc:datafield>
   <marc:datafield ind1="0" ind2="0" tag="245">
      <marc:subfield code="a">Ich bin Malala</marc:subfield>
   </marc:datafield>
   <marc:datafield ind1="0" ind2="0" tag="245">
      <marc:subfield code="b">das Mädchen, das die Taliban erschießen wollten, weil es für das Recht auf Bildung kämpft</marc:subfield>
   </marc:datafield>
   <marc:datafield ind1="0" ind2="0" tag="245">
      <marc:subfield code="c">Malala Yousafzai mit Christina Lamb ; aus dem Englischen von Elisabeth Liebl, Sabine Längsfeld und Margarete Längsfeld</marc:subfield>
   </marc:datafield>
   <marc:datafield ind1=" " ind2="1" tag="264">
      <marc:subfield code="a">München</marc:subfield>
      <marc:subfield code="b">Knaur Taschenbuch</marc:subfield>
   </marc:datafield>
   <marc:datafield ind1="1" ind2=" " tag="490">
      <marc:subfield code="a">Knaur</marc:subfield>
      <marc:subfield code="v">78827</marc:subfield>
   </marc:datafield>
   <marc:datafield ind1=" " ind2=" " tag="250">
      <marc:subfield code="a">Vollständige und erweiterte Taschenbuchausgabe</marc:subfield>
   </marc:datafield>
   <marc:datafield ind1="1" ind2=" " tag="520">
      <marc:subfield code="a">Angaben aus der Verlagsmeldung

Ich bin Malala : Das Mädchen, das die Taliban erschießen wollten, weil es für das Recht auf Bildung kämpft Ich bin Malala / von Malala Yousafzai, Christina Lamb

Malalas Geschichte ging um die Welt: Am 9. Oktober 2012 fiel das pakistanische Mädchen einem Attentat der Taliban zum Opfer, weil der mutige Teenager entgegen dem Scharia-Verbot weiterhin zur Schule ging. Wie durch ein Wunder überlebte sie ihre schweren Schusswunden an Hals und Kopf und ließ sich durch Terror und Morddrohungen nicht einschüchtern. Sie setzt sich weiter weltweit für das Recht von Kindern auf Bildung ein. Sie hielt eine Rede vor den Vereinten Nationen und wurde 2014 mit dem Friedensnobelpreis ausgezeichnet. Nun wird Malalas Geschichte in einem beeindruckenden Dokumentarfilm neu erzählt, der vom Weltbestseller "Ich bin Malala" inspiriert wurde.
</marc:subfield>
   </marc:datafield>
   <marc:datafield ind1=" " ind2=" " tag="020">
      <marc:subfield code="a">9783426788271</marc:subfield>
      <marc:subfield code="9">9783426788271</marc:subfield>
   </marc:datafield>
   <marc:datafield ind1=" " ind2=" " tag="020">
      <marc:subfield code="a">3426788276</marc:subfield>
      <marc:subfield code="9">3426788276</marc:subfield>
   </marc:datafield>
   <marc:datafield ind1=" " ind2=" " tag="041">
      <marc:subfield code="a">ger</marc:subfield>
   </marc:datafield>
   <marc:datafield ind1=" " ind2=" " tag="300">
      <marc:subfield code="a">448 Seiten</marc:subfield>
   </marc:datafield>
</marc:record>
